Evaluación del Uso del Tanque de Descarga de Fondo para Micro riego
Presenta evaluación del uso del dispositivo tanque de descarga de fondo para riego por surcos presenta a los pequeños productores una alternativa que permite tecnificar el riego y aumentar la productividad en sus parcelas. Describe generalidades importantes el dispositivo, las condiciones de funci...
| Main Authors: | , |
|---|---|
| Other Authors: | |
| Format: | Tesis Section = Libro |
| Language: | Undetermined Spanish |
| Published: |
Managua
UNI
2005
|
| Subjects: |
| LEADER | 01382nam a2200253Ia 4500 | ||
|---|---|---|---|
| 008 | 240830s9999 xx 000 0 und d | ||
| 040 | |a BIBLIOTECA-RUPAP Mon 631.587 P592 | ||
| 041 | |a spa | ||
| 082 | |a Mon 631.587 P592 | ||
| 100 | 1 | |a Pichardo Machado, Luisa Amanda | |
| 100 | 1 | |b Jiménez López, Sobeyda del Carmen | |
| 245 | 1 | 0 | |a Evaluación del Uso del Tanque de Descarga de Fondo para Micro riego |
| 260 | |a Managua |b UNI |c 2005 | ||
| 300 | |a 149 p. :il. | ||
| 500 | |a Contiene: anexos y glosarios. | ||
| 502 | |a Tesis (Ingeniero Agrícola)- UNI, 2005. | ||
| 520 | 3 | |a Presenta evaluación del uso del dispositivo tanque de descarga de fondo para riego por surcos presenta a los pequeños productores una alternativa que permite tecnificar el riego y aumentar la productividad en sus parcelas. Describe generalidades importantes el dispositivo, las condiciones de funcionamiento hidráulico, la metodología del riego por impulsos, detalles de construcción del dispositivo, la productividad y las áreas máximas de riego, así como las ventajas y desventajas de la utilización del mismo. | |
| 650 | 7 | |a IRRIGACION - SISTEMAS DE RIEGOPOR IMPULSO | |
| 650 | 7 | |b TANQUE DE DESCARGA DE FONDO - MANTENIMIENTO | |
| 650 | 7 | |c METODO DE RIEGO POR IMPULSO - MICRORIEGO | |
| 700 | 1 | |a Tutor: |b González Arias, Horacio José | |
| 942 | |c BK |2 ddc | ||
| 991 | |a TESIS | ||
| 999 | |c 16696 | ||